Best Countries for Entrepreneurship - Statistics

General Stats
  • This quiz has been taken 43 times
  • The average score is 15 of 20
Answer Stats
Rank Answer % Correct
13 France
95%
4 United Kingdom
92%
1 United States
92%
2 Germany
90%
3 Japan
90%
5 Canada
82%
8 China
82%
18 Norway
79%
9 Sweden
79%
15 Australia
74%
12 Netherlands
74%
14 Belgium
72%
11 Denmark
72%
16 Finland
72%
6 Switzerland
69%
7 South Korea
62%
10 Singapore
59%
17 United Arab Emirates
59%
19 Austria
56%
20 Luxembourg
46%
No matching quizzes found
Score Distribution
Percent of People with Each Score
Percentile by Number Answered
Your Score History
You have not taken this quiz